|
|
|
|
| LEADER |
00000nam a22000007a 4500 |
| 005 |
20210905161335.0 |
| 007 |
cr|||| |||| |
| 008 |
210905s2020 eu |||||s|||| 00||0 eng d |
| 020 |
|
|
|a 978-92-846-7488-6
|
| 035 |
|
|
|a 34701
|
| 040 |
|
|
|a vLex
|
| 090 |
|
|
|c 12260
|d 12260
|
| 100 |
1 |
|
|a Maillard, Robin
|
| 245 |
1 |
0 |
|a Uncertainty/EU/Hope
|h [Recurso electrn̤ico] :
|b Public opinion in times of Covid-19: third round /
|c Robin Maillard, Julien Zalc
|
| 256 |
|
|
|a Servicio en ln̕ea
|
| 260 |
|
|
|a Bruselas:
|b European Union Publications Office,
|c 2020
|
| 300 |
|
|
|a 1 recurso electrn̤ico
|
| 500 |
|
|
|a This report presents the findings of a survey of European citizens about their views on the Coronavirus crisis. The survey has been conducted in three waves, the first taking place in April-May 2020, the second in June 2020, and the third (the focus of this report) in September-October 2020.
|
| 506 |
1 |
|
|a Disponible solo en los productos indicados
|d vLex Global
|d vLex Global (Academic Edition, excluding Law Schools)
|d vLex Global (U.S. Academic Edition, Law Schools)
|d vLex Global (U.S. Academic Edition, excluding Law Schools)
|d vLex Global (Academic Edition, Law Schools)
|
| 650 |
0 |
4 |
|a Derecho Pb︢lico y Administrativo
|z Unin̤ Europea
|
| 700 |
1 |
|
|a Zalc, Julien
|
| 740 |
0 |
|
|a vLex Libros (Servicio en ln̕ea)
|
| 856 |
4 |
0 |
|u https://app.vlex.com/#/sources/34701
|z Acceso restringido
|
| 942 |
|
|
|c BOOK
|
| 999 |
0 |
|
|a Public and Administrative Law
|